000 00669nam a2200217Ii 4500
003 JO-AjNU
008 230605s9999||||xx |||||||||||||| ||und||
017 _a1982/5003
020 _a1977-04-0040-8
040 _aJO-AjNU
_bara
_erda
_cJO-AjNU
041 _aara
050 1 4 _aHF5686.C8 .M6688 1982
100 3 _aسالم، منير محمود,
_eauthor
_939128
245 0 0 _aمحاسبة التكاليف
264 3 1 _aالقاهرة: دار النهضة العربية، 1982
300 _a527ص
336 _atext
_btxt
_2rdacontent
337 _aunmediated
_bn
_2rdamedia
338 _avolume
_bnc
_2rdacarrier
650 4 _aمحاسبة التكاليف
_939129
999 _aA16499
_c20067
_d20067